Preparing youth for dating, courtship and marriage. (Record no. 14793)

000 -LEADER
fixed length control field 00694nam a2200217 a 4500
001 - CONTROL NUMBER
control field :::00012627$&:&@@
003 - CONTROL NUMBER IDENTIFIER
control field OkBaRHE
005 - DATE AND TIME OF LATEST TRANSACTION
control field 20000607103421.0
008 - FIXED-LENGTH DATA ELEMENTS--GENERAL INFORMATION
fixed length control field s1978 j 000 0 eng u
040 ## - CATALOGING SOURCE
Transcribing agency
100 1# - MAIN ENTRY--PERSONAL NAME
Personal name Wright, Norman and Inmon, Marvin.
245 10 - TITLE STATEMENT
Title Preparing youth for dating, courtship and marriage.
260 ## - PUBLICATION, DISTRIBUTION, ETC. (IMPRINT)
Place of publication, distribution, etc Eugene, OR., :
Name of publisher, distributor, etc Harvest House Publishers
Date of publication, distribution, etc c1978
300 ## - PHYSICAL DESCRIPTION
Extent 84 p. ;
Dimensions 28 cm.
650 ## - SUBJECT ADDED ENTRY--TOPICAL TERM
Topical term or geographic name as entry element Dating (Social Customs)
650 ## - SUBJECT ADDED ENTRY--TOPICAL TERM
Topical term or geographic name as entry element Marriage
650 ## - SUBJECT ADDED ENTRY--TOPICAL TERM
Topical term or geographic name as entry element Youth
General subdivision Conduct of Life
700 ## - ADDED ENTRY--PERSONAL NAME
Personal name Inmon, Marvin, Joint author.
942 ## - ADDED ENTRY ELEMENTS (KOHA)
Source of classification or shelving scheme
Koha item type Books
Copies
Full call number Copy number Shelving location Source of classification or shelving scheme Date last seen Not for loan Lost status Permanent Location Barcode Withdrawn status Damaged status Price effective from Koha item type Date acquired
HQ 801 .W71General Stacks 2010-04-14  RHEMA Bible Training College12627  2010-04-14Books2010-04-14